000
00299nam a22001097a 4500
082
_a
658.001 JOH'T
100
_a
ROSENZWEIG, JAMES,KAST, FREMANT E,JOHNSON, RICHARD A
_9
57574
245
_a
THE THEORY AND MANAGEMENT OF SYSTEMS
260
_a
NEWYORK
_b
MCGRAW HILL
_c
1963
300
_a
350P
942
_c
BK
999
_c
567843
_d
567843